Días de ayer : (Record n. 30084)
[ formato base ]
| 000 -LEADER | |
|---|---|
| fixed length control field | 00925nam a2200229 i 4500 |
| 003 - CONTROL NUMBER IDENTIFIER | |
| control field | IT-RoINE |
| 005 - DATE AND TIME OF LATEST TRANSACTION | |
| control field | 20200520084039.0 |
| 008 - FIXED-LENGTH DATA ELEMENTS--GENERAL INFORMATION | |
| fixed length control field | 960922s1963 sp r | spa d |
| 040 ## - CATALOGING SOURCE | |
| Original cataloging agency | SpMaBN |
| Transcribing agency | CDM IT-RoINE |
| Modifying agency | IT-RoINE |
| 100 1# - MAIN ENTRY--PERSONAL NAME | |
| Personal name | Pabón y Suárez de Urbina, Jesús, |
| Dates associated with a name | 1902-1976 |
| 9 (RLIN) | 653 |
| 245 10 - TITLE STATEMENT | |
| Title | Días de ayer : |
| Remainder of title | historia e historiadores contemporáneos |
| Statement of responsibility, etc | Jesús Pabón. |
| 260 ## - PUBLICATION, DISTRIBUTION, ETC. (IMPRINT) | |
| Place of publication, distribution, etc | Barcelona . |
| Name of publisher, distributor, etc | Alpha, |
| Date of publication, distribution, etc | 1963. |
| 300 ## - PHYSICAL DESCRIPTION | |
| Extent | 484 p., [42] h. de lám. ; |
| Dimensions | 25 cm. |
| 336 ## - CONTENT TYPE | |
| Source | rdacontent |
| Content type term | text |
| 337 ## - MEDIA TYPE | |
| Source | rdamedia |
| Media type term | unmediated |
| 338 ## - CARRIER TYPE | |
| Source | rdacarrier |
| Carrier type term | volume |
| 600 14 - SUBJECT ADDED ENTRY--PERSONAL NAME | |
| 9 (RLIN) | 6531 |
| Personal name | Churchill, Winston, |
| Titles and other words associated with a name | Sir, |
| Dates associated with a name | 1874-1965 |
| 650 #4 - SUBJECT ADDED ENTRY--TOPICAL TERM | |
| Topical term or geographic name as entry element | Historia moderna y contemporánea |
| 9 (RLIN) | 40258 |
| Form subdivision | Discursos, ensayos, conferencias |
| 650 #4 - SUBJECT ADDED ENTRY--TOPICAL TERM | |
| Topical term or geographic name as entry element | Historiografía |
| Geographic subdivision | España |
| Chronological subdivision | Siglos 19o.-20o. |
| Form subdivision | Discursos, ensayos, conferencias |
| 9 (RLIN) | 58977 |
| 651 #7 - SUBJECT ADDED ENTRY--GEOGRAPHIC NAME | |
| Geographic name | España |
| General subdivision | Historia |
| Chronological subdivision | Siglos 19o.-20o. |
| Form subdivision | Discursos, ensayos, conferencias |
| 9 (RLIN) | 58978 |
| 942 ## - ADDED ENTRY ELEMENTS (KOHA) | |
| Item type | Monografías |
| Withdrawn status | Lost status | Damaged status | Not for loan | Home library | Current library | Date acquired | Total Checkouts | Full call number | Barcode | Date last seen | Price effective from | Koha item type |
|---|---|---|---|---|---|---|---|---|---|---|---|---|
| Iglesia Nacional Española en Roma | Iglesia Nacional Española en Roma | 17/04/2019 | HIS.ESP.4. 1585 | 56023 | 17/04/2019 | 17/04/2019 | Monografías |